| 000 | 00738nam a22002293 4500 | ||
|---|---|---|---|
| 001 | 24670 | ||
| 003 | BD-RJUL | ||
| 005 | 20211209001101.0 | ||
| 008 | 140315t1988 enk 000 0 | ||
| 035 | _aCD-0000460527 | ||
| 040 |
_aDLC _beng _cBD-RjUL _dDLC |
||
| 041 | _aeng | ||
| 082 | 0 | 4 |
_a942.06 _bCLH 1988 |
| 100 | 1 |
_aClarendon, Edward Earl. _975930 |
|
| 245 | 1 | 4 |
_aThe history of the rebellion and civil wars in England begun in the year 1641 / , Re editied from by W.D. Macray. _nVolume-3 |
| 260 |
_aOxf. _c1888 |
||
| 300 |
_aV-3 (531 p.) ; _ccm.19 |
||
| 690 | 0 | 0 |
_aHistory _zGreat Britain _yEarly Stuart _2pre20 _955 |
| 700 | 1 |
_aMacray, William Dunn, _eed. _975892 |
|
| 752 |
_aEngland _dOxford |
||
| 942 |
_2ddc _cBK |
||
| 999 |
_c24670 _d24670 |
||